LEADER 01386nas 2200433- 450 001 9910213248603321 005 20240917213020.0 011 $a2528-7672 035 $a(OCoLC)1005771114 035 $a(CKB)3710000001444280 035 $a(CONSER)--2018254122 035 $a(EXLCZ)993710000001444280 100 $a20170913a20uu9999 --- - 101 0 $aind 135 $aur|n||||||||| 181 $ctxt$2rdacontent 182 $cc$2rdamedia 183 $acr$2rdacarrier 200 00$aEkuilibrium $ejurnal ilmiah bidan Ilmu ekonomi 210 1$a[Ponorogo] :$cFakultas Ekonomi Universitas Muhammadiyah Ponorogo 215 $a1 online resource 300 $aRefereed/Peer-reviewed 311 08$a1858-165X 517 1 $aJurnal ilmiah bidang ilmu ekonomi 606 $aEconomic development$zIndonesia$vPeriodicals 606 $aEconomic history$2fast$3(OCoLC)fst00901974 606 $aEconomic development$2fast$3(OCoLC)fst00901785 607 $aIndonesia$xEconomic conditions$vPeriodicals 607 $aIndonesia$2fast 608 $aPeriodicals.$2fast 608 $aPeriodicals.$2lcgft 615 0$aEconomic development 615 7$aEconomic history. 615 7$aEconomic development. 712 02$aUniversitas Muhammadiyah Ponorogo.$bFakultas Ekonomi, 906 $aJOURNAL 912 $a9910213248603321 996 $aEkuilibrium$92574491 997 $aUNINA